000 00531nam a2200193Ia 4500
003 OSt
005 20250305144512.0
008 210210b1971 xxu||||| |||| 00| 0 eng d
040 _cAL
041 _aKannada
082 _a398.9T VIVT
100 _aVIVEKA RAI (B A).
_9142758
_dವಿವೇಕ ರೈ (ಬಿ ಎ)
245 _aTulu gadegalu.
_bತುಳು ಗಾದೆಗಳು
260 _aMangaluru.
_bPalachamvi Prakashana.,
_c1971
300 _axxx,107
690 _aProverbs
_9142759
906 _a032868
942 _2ddc
_cBK
999 _c84096
_d84096